| 000 | 00376nam a2200157Ia 4500 | ||
|---|---|---|---|
| 008 | 230917s9999||||xx |||||||||||||| ||und|| | ||
| 040 |
_e105248 _aMAIN |
||
| 041 | _aEnglish | ||
| 082 | _a809.3 H97 P | ||
| 100 | _aHutcheon, Linda | ||
| 245 | 4 | _aThe politics of postmodernism | |
| 250 | _a2nd ed. | ||
| 260 |
_aLondan _bRoutledge _c2002 |
||
| 300 | _a222p p. | ||
| 942 | _cBK | ||
| 999 |
_c110915 _d110915 |
||